000 00665nam a22002297a 4500
003 UA-OsUOA
001 98723
007 ta
008 20130416b un ||||| |||| 00| 0 ukr d
100 _aСарыханов Н.
090 _a821.512.164
_bС20
942 _cBK
040 _aUA-OsUOA
_brus
_cUA-OsUOA
_dUA-OsUOA
245 _aПоследняя кибитка
_bповесть и рассказы
300 _a222 с.
955 _a3
041 _arus
080 _a821.512.164
260 _aМ.
_bХудожественная литература
_c1985
650 7 _a82 Література. Літературознавство
_2UDC
999 _c384596
_d384596